Od fíkového listu k džínům /

Main Author: Skarlantová, Jana, 1944-
Language: Czech
Published: Praha : Grada, 1999
Edition: 1. vyd.
Online Access: Digitalizovaný dokument
Physical Description: 228 s., [16] s. barevných obrazových příloh : il. ; 21 cm
Book
Saved in:
LEADER 01265nam a2200349 a 4500
001 000435872
003 CZ BrMZK
005 20210112192833.0
007 ta
008 990315s1999 xr e f 0 cze d
015 |a cnb000737867 
020 |a 80-7169-785-0 
035 |a (OCoLC)43684744 
040 |a BOA001  |b cze 
072 7 |a 646  |x Odívání. Péče o tělo  |2 Konspekt  |9 19 
080 |a 646.4/.5  |2 MRF 
080 |a 391(091)  |2 MRF 
080 |a (0.062)  |2 MRF 
100 1 |a Skarlantová, Jana,  |d 1944-  |7 jk01111511  |4 aut 
245 1 0 |a Od fíkového listu k džínům /  |c Jana Skarlantová 
250 |a 1. vyd. 
260 |a Praha :  |b Grada,  |c 1999 
300 |a 228 s., [16] s. barevných obrazových příloh :  |b il. ;  |c 21 cm 
500 |a Bibliogr. 
500 |a Dostupné též v digitální podobě v aplikaci Kramerius 
650 0 7 |a odívání  |7 ph115567  |2 czenas 
650 0 7 |a dějiny módy  |7 ph484342  |2 czenas 
655 7 |a populárně-naučné publikace  |7 fd131864  |2 czenas 
856 4 1 |u http://www.digitalniknihovna.cz/mzk/uuid/uuid:7a52eb40-62c6-11e6-8336-005056827e52  |y Digitalizovaný dokument  |x NDK 
910 |a BOA001  |b 2-1063.052 
990 |a BK 
996 6 |b 2610099195  |c 2-1063.052  |l MZK  |r Sklad / do 1 hodiny  |n 36  |p p.v.  |w 000435872  |u 000010  |a 1  |e BOA001  |j MZK50  |s P